[Event "Titled Tue 4th Jun Late"]
[Site "chess.com INT"]
[Date "2024.06.04"]
[Round "7"]
[White "Svane, Frederik"]
[Black "Bluebaum, M."]
[Result "0-1"]
[WhiteElo "2638"]
[BlackElo "2647"]
[PlyCount "86"]
[EventDate "2024.06.04"]

1. c4 e6 2. Nc3 d5 3. d4 Bb4 4. e3 Nf6 5. a3 Bxc3+ 6. bxc3 c6 7. a4 O-O 8. cxd5 cxd5 9. Ba3 Re8 10. Bb5 Bd7 11. Bd3 Qc7 12. Ne2 $146 ({RR} 12. Qc2 Nc6 13. Nf3 e5 14. dxe5 Nxe5 15. Nxe5 Rxe5 16. Bb2 Rc8 17. h3 Ne4 18. O-O Rg5 19. f4 Rg6 20. Kh2 Re6 21. c4 Nf6 22. cxd5 Qxc2 23. Bxc2 Rxe3 24. Bd4 Nxd5 25. Rf2 Ree8 26. Bxa7 Nb4 {Krasteva,B (2285)-Beydullayeva,G (2368) Batumi GEO 2026 ½-½ (31)}) 12... Nc6 13. O-O e5 14. Bb5 Na5 15. dxe5 Rxe5 16. Bb4 Nc4 17. Bxc4 Qxc4 18. Qd4 Re4 19. Qxc4 Rxc4 20. a5 Rac8 21. Rfd1 Be6 22. f3 Ne8 23. a6 b6 24. Nf4 Nc7 25. Kf2 h6 26. Rd2 Rd8 27. e4 d4 28. Rad1 Nxa6 29. Ba3 Rxc3 30. Bb2 Rc4 31. Bxd4 Nc5 32. Be3 Rxd2+ 33. Rxd2 a5 34. Rd8+ Kh7 35. Rb8 Rb4 36. Nxe6 fxe6 37. h4 a4 38. Bxc5 bxc5 39. Ra8 h5 40. Ra5 Rc4 41. Ke3 Rc2 42. g3 Rc3+ 43. Kf4 a3 0-1

[Event "Titled Tue 9th Apr Late"]
[Site "chess.com INT"]
[Date "2024.04.09"]
[Round "7"]
[White "Grischuk, A."]
[Black "Nguyen Ngoc Truong Son"]
[Result "1/2-1/2"]
[WhiteElo "2728"]
[BlackElo "2633"]
[PlyCount "99"]
[EventDate "2024.04.09"]

1. d4 d5 2. c4 e6 3. Nc3 a6 4. cxd5 exd5 5. Bf4 Nf6 6. e3 Bd6 7. Qf3 c6 ({RR} 7... Bxf4 8. Qxf4 Nbd7 9. Bd3 Nf8 10. Nge2 Ng6 11. Qg3 O-O 12. h4 Ne7 13. h5 h6 14. Qf4 Bg4 15. Ng3 Re8 16. f3 Be6 17. Nge2 Nd7 18. O-O-O c5 19. dxc5 Nxc5 20. Bc2 Rc8 21. Kb1 b5 22. e4 {So,W (2747)-Carlsen,M (2831) Kolkata IND 2024 ½-½ (52)}) 8. Bd3 Be6 $146 ({RR} 8... Bxf4 9. Qxf4 Nbd7 10. Nf3 O-O 11. g4 Re8 12. g5 Ne4 13. Bxe4 dxe4 14. Nd2 Nf8 15. Ndxe4 Ng6 16. Qd6 Qb6 17. O-O-O Bg4 18. h4 Bxd1 19. Rxd1 Rad8 20. Qg3 c5 21. Nxc5 Qc6 22. Nd3 b5 23. h5 {Nguyen Ngoc Truong Son (2633)-Oganian,M (2434) chess.com INT 2024 0-1 (38)}) ({RR} 8... O-O 9. Nge2 Re8 10. h3 Qe7 11. Bg5 Nbd7 12. Ng3 Bxg3 13. Qxg3 Qb4 14. O-O-O Ne4 15. Bxe4 dxe4 16. Bh6 g6 17. Qf4 f5 18. Qc7 Qe7 19. Kb1 Qh4 20. Qf4 Qxf4 21. Bxf4 Nf6 22. Bg5 Kg7 23. Bxf6+ {Salimova,A (2144)-Zol-Uchral Erdenesaikhan (1881) Ulaanbaatar MGL 2026 0-1 (50)}) 9. h3 Bxf4 10. Qxf4 Nbd7 11. Nge2 Qb8 12. b4 Qxf4 13. Nxf4 Ke7 14. a4 a5 15. bxa5 Rxa5 16. Kd2 Rha8 17. Rab1 R8a7 18. f3 Ne8 19. Rb4 Nd6 20. Rhb1 h6 21. g4 Kd8 22. e4 dxe4 23. fxe4 c5 24. dxc5 Nxc5 25. Bc2 Nc4+ 26. Kc1 Na3 27. Nxe6+ fxe6 28. Ra1 Nxc2 29. Kxc2 Ke7 30. e5 R7a6 31. Rab1 Rc6 32. Kd2 Ra8 33. Ne4 Nxe4+ 34. Rxe4 b6 35. Rb3 Ra5 36. h4 Rd5+ 37. Ke3 Ra5 38. h5 Rd5 39. Kf4 Rd1 40. Reb4 Rf1+ 41. Kg3 Rg1+ 42. Kf2 Ra1 43. Rxb6 Rxb6 44. Rxb6 Rxa4 45. Rb7+ Kf8 46. Kf3 Ra3+ 47. Kf4 Ra4+ 48. Kf3 Ra3+ 49. Kf4 Ra4+ 50. Kf3 1/2-1/2

[Event "Titled Tue 16th Apr Early"]
[Site "chess.com INT"]
[Date "2024.04.16"]
[Round "8"]
[White "Bluebaum, M."]
[Black "Jones, G."]
[Result "1/2-1/2"]
[WhiteElo "2649"]
[BlackElo "2620"]
[PlyCount "77"]
[EventDate "2024.04.16"]

1. d4 d5 2. c4 e6 3. Nc3 a6 4. e4 dxe4 5. Nxe4 Nf6 6. Nxf6+ Qxf6 7. Nf3 Bb4+ 8. Bd2 Bxd2+ 9. Qxd2 b6 10. O-O-O $146 ({RR} 10. Ne5 Bb7 11. Be2 O-O 12. O-O Rd8 13. Qe3 Nd7 14. Bf3 Bxf3 15. Nxf3 Nf8 16. Rad1 Ng6 17. Rd2 Rd6 18. Rfd1 Rad8 19. g3 h6 20. Kg2 Ne7 21. b4 Nf5 22. Qe4 Qg6 23. Ne5 Qf6 24. Nc6 Re8 {Durarbayli,V (2638)-Csonka,B (2498) Chess.com INT 2022 ½-½ (125)}) 10... Bb7 11. Qe3 Nd7 12. Ne5 Nxe5 13. dxe5 Qe7 14. Bd3 O-O-O 15. Be4 Bxe4 16. Qxe4 Kb8 17. f4 Rxd1+ 18. Rxd1 Rd8 19. Rxd8+ Qxd8 20. g3 g6 21. Kc2 Qd7 22. b3 h5 23. h3 c5 24. g4 hxg4 25. hxg4 Qb7 26. Kd3 Qd7+ 27. Ke2 b5 28. cxb5 axb5 29. a4 c4 30. axb5 cxb3 31. Qd3 Qxd3+ 32. Kxd3 Kc7 33. Kc3 Kb6 34. Kxb3 Kxb5 35. g5 Kc5 36. Kc3 Kb5 37. Kb3 Kc5 38. Kc3 Kb5 39. Kb3 1/2-1/2

[Event "Titled Tue 19th Mar Early"]
[Site "chess.com INT"]
[Date "2024.03.19"]
[Round "5"]
[White "Sarana, A."]
[Black "Oparin, G."]
[Result "1/2-1/2"]
[WhiteElo "2699"]
[BlackElo "2671"]
[PlyCount "133"]
[EventDate "2024.03.19"]

1. d4 d5 2. c4 e6 3. Nc3 Be7 4. Nf3 Nf6 5. Bg5 h6 6. Bxf6 Bxf6 7. cxd5 exd5 8. Qb3 c6 9. e3 O-O 10. Bd3 Re8 ({RR} 10... Qb6 11. Qc2 Be6 12. O-O Nd7 13. Rab1 a5 14. a3 Qc7 15. h3 Qd6 16. Rfc1 g6 17. Ne2 Rfc8 18. Nf4 Nf8 19. b4 axb4 20. axb4 Bd7 21. Qb2 Ne6 22. Ne5 Bxe5 23. dxe5 Qe7 24. Ne2 Ra7 25. f4 {Sarana,A (2697)-Samant,A (2512) chess.com INT 2024 ½-½ (41)}) 11. O-O Nd7 12. h3 ({RR} 12. Rae1 Nb6 13. h3 Be6 14. Qc2 Rc8 15. b4 Qd6 16. a3 Rc7 17. Rc1 Rce7 18. Rfe1 g6 19. Na4 Nxa4 20. Qxa4 a6 21. Qc2 Kg7 22. Qc5 Qb8 23. a4 g5 24. Qc2 Qd6 25. b5 cxb5 26. axb5 a5 {Sarana,A (2675)-Gabrielian,A (2407) chess.com INT 2025 1-0 (52)}) 12... Nf8 $146 ({RR} 12... a5 13. Rae1 Nb6 14. Qc2 Bd7 15. Nh2 Nc8 16. f4 Nd6 17. Nf3 h5 18. Ne5 h4 19. Nd1 Bc8 20. Nf2 g6 21. Rd1 Bf5 22. Rfe1 Bxd3 23. Qxd3 Bg7 24. Kh2 Qe7 25. Re2 Rad8 26. Nh1 Ne4 27. g4 {Nurgaliyeva,Z (2279)-Balabayeva,X (2355) Ulaanbaatar MGL 2026 1-0 (60)}) 13. Rfe1 Qb6 14. Qc2 Bd7 15. Na4 Qd8 16. Nc5 Rb8 17. b4 a6 18. a4 Ne6 19. b5 axb5 20. axb5 Nxc5 21. Qxc5 b6 22. Qd6 c5 23. Qxd5 Be6 24. Qxd8 Rbxd8 25. Ra6 cxd4 26. exd4 Bxd4 27. Nxd4 Rxd4 28. Re3 Bd7 29. Be2 Rd6 30. Rxe8+ Bxe8 31. Ra8 Kf8 32. Rb8 Ke7 33. Rb7+ Kf6 34. Bc4 g5 35. Kf1 Bd7 36. Ke2 Ke5 37. Rb8 f5 38. Bd3 Kd4 39. Rd8 Kc5 40. Kd2 f4 41. Kc3 f3 42. gxf3 Bxh3 43. Rh8 Bd7 44. Rd8 Kd5 45. Be4+ Ke5 46. Kb4 g4 47. Ba8 gxf3 48. Bxf3 Rd4+ 49. Kc3 Rf4 50. Bc6 Be6 51. f3 Rf6 52. Rb8 Bd5 53. Rxb6 Rxf3+ 54. Kb4 Bxc6 55. Rxc6 h5 56. Rc5+ Kd6 57. b6 Rf1 58. Rxh5 Kc6 59. Ka5 Ra1+ 60. Kb4 Kxb6 61. Rh6+ Kc7 62. Rh3 Kb6 63. Rb3 Ra6 64. Kc4+ Ka7 65. Kb4 Rb6+ 66. Ka3 Rxb3+ 67. Kxb3 1/2-1/2

[Event "57th Biel GM2 Qual 2024"]
[Site "Biel SUI"]
[Date "2024.07.20"]
[Round "5.2"]
[White "Donchenko, Alexa"]
[Black "Maurizzi, Marc'Andria"]
[Result "1-0"]
[WhiteElo "2633"]
[BlackElo "2620"]
[PlyCount "85"]
[EventDate "2024.07.16"]

1. c4 e6 2. Nc3 d5 3. d4 a6 4. cxd5 exd5 5. Bf4 Nf6 6. e3 Bd6 7. Bg5 c6 8. Bd3 Nbd7 ({RR} 8... O-O 9. Qc2 h6 10. Bh4 Re8 11. Nf3 Be6 12. O-O Nbd7 13. Rae1 Qc7 14. Kh1 Bg4 15. Nd2 Be6 16. f4 Nf8 17. Bxf6 gxf6 18. Nf3 c5 19. Qf2 f5 20. Qh4 Kg7 21. Qg3+ Ng6 22. Nh4 cxd4 23. Nxd5 {Kramnik,V (2753)-Svane,R (2631) chess.com INT 2023 1-0 (31)}) 9. Qc2 ({RR} 9. Nge2 O-O 10. Qc2 h6 11. Bh4 Re8 12. Bg3 Nb6 13. O-O Nh5 14. Bxd6 Qxd6 15. Rae1 Be6 16. Nc1 Nf6 17. f3 c5 18. dxc5 Qxc5 19. Nb3 Qc7 20. Nd4 Nc4 21. Qf2 b5 22. Rc1 Qb6 23. b3 Nxe3 {Moussard,J (2597)-Jacobsen,M (2223) London ENG 2025 1-0 (53)}) 9... Nf8 10. Nf3 Ne6 $146 ({RR} 10... Ng6 11. Nh4 Be7 12. O-O-O Nxh4 13. Bxh4 Bg4 14. f3 Bh5 15. Bf2 Bb4 16. Ne2 Bg6 17. g4 Rc8 18. Kb1 c5 19. Bxg6 hxg6 20. a3 Ba5 21. dxc5 O-O 22. e4 Re8 23. g5 Nh5 24. Rxd5 Qe7 25. Rhd1 {Sargsyan,S (2649)-Le Tuan Minh (2568) chess.com INT 2024 ½-½ (81)}) 11. Bh4 Be7 12. O-O-O g6 13. h3 Ng7 14. g4 Be6 15. Bg5 Rc8 16. Kb1 O-O 17. Bh6 c5 18. dxc5 Rxc5 19. Nd4 Bd7 20. Qd2 b5 21. g5 Nfh5 22. h4 b4 23. Nce2 Re8 24. Rc1 a5 25. f4 Rxc1+ 26. Rxc1 Bf8 27. f5 gxf5 28. Bxg7 Bxg7 29. Bxf5 Bxf5+ 30. Nxf5 Qd7 31. Qd3 Qe6 32. Rc5 Qe5 33. Nxg7 Nxg7 34. Nf4 Qxe3 35. Qxe3 Rxe3 36. Nxd5 Re1+ 37. Kc2 Ne6 38. Rxa5 Re2+ 39. Kb3 Nd4+ 40. Kc4 Nc6 41. Rc5 Ne5+ 42. Kb3 Nd3 43. Rc2 1-0

[Event "CrunchLabs Masters PlayIn"]
[Site "chess.com INT"]
[Date "2024.07.17"]
[Round "8"]
[White "Grischuk, A."]
[Black "Matlakov, M."]
[Result "1/2-1/2"]
[WhiteElo "2708"]
[BlackElo "2651"]
[PlyCount "178"]
[EventDate "2024.07.17"]

1. d4 d5 2. c4 e6 3. Nc3 Bb4 4. e3 Nf6 5. a3 Bxc3+ 6. bxc3 O-O 7. cxd5 exd5 8. Bd3 c5 9. Ne2 b6 10. O-O Ba6 11. Bxa6 Nxa6 12. Qd3 Nc7 13. dxc5 bxc5 14. c4 Rb8 15. Ra2 ({RR} 15. Rd1 Qe7 16. Bd2 dxc4 17. Qxc4 Ncd5 18. Rac1 Rfc8 19. Ng3 Qe5 20. h3 h5 21. Be1 Rb6 22. Rc2 Rd6 23. Rdc1 Rc7 24. Qe2 Rdc6 25. Rc4 g6 26. Qf3 Qe6 27. Ne4 Nd7 28. Ng5 Ne5 29. Qe4 Qe7 {Kramnik,V (2753)-Inarkiev,E (2661) Krasnogorsk 2022 ½-½ (53)}) ({RR} 15. Rd1 Qe7 16. Bd2 h6 17. Nf4 Rfd8 18. Bc3 dxc4 19. Qxc4 Ne4 20. Ba5 Rxd1+ 21. Rxd1 Nf6 22. Ng6 Qe6 23. Qxc5 Ncd5 24. Nh4 Qa6 25. Be1 Rc8 26. Qd4 Qxa3 27. Nf3 Qc5 28. Ra1 Qxd4 29. Nxd4 Ra8 {Warmerdam,M (2580)-Narayanan,S (2438) Saint Louis USA 2026 ½-½ (63)}) 15... Ne6 $146 ({RR} 15... Qe7 16. cxd5 Ncxd5 17. Rc2 Rfc8 18. Ng3 Qc7 19. e4 Nf4 20. Qf3 Ng6 21. Bb2 Rb6 22. Nf5 Qb7 23. Bxf6 Rxf6 24. Rd1 Qc7 25. Qg4 Re6 26. f3 Rd8 27. Rdc1 Rc6 28. h4 h5 29. Qxh5 Nf4 30. Qg5 {Suba,M (2520)-Sax,G (2600) Manila 1992 0-1 (42)}) 16. Rd2 dxc4 17. Qxc4 Qa5 18. h3 Qb5 19. Rc2 Rfd8 20. Nf4 Nxf4 21. exf4 Qxc4 22. Rxc4 Rd5 23. Be3 Nd7 24. Rfc1 Rc8 25. Ra4 Rc7 26. Ra5 h5 27. g4 hxg4 28. hxg4 f5 29. gxf5 Rxf5 30. Rc4 Rf7 31. Kg2 Kh7 32. Kg3 Kg6 33. Kg4 Nf6+ 34. Kf3 Nd7 35. Ke4 Nf6+ 36. Kd3 Nd7 37. Ke2 Re7 38. Kf3 Rf7 39. Kg3 Kh7 40. Bxc5 Rf6 41. Rxa7 Rxc5 42. Rxc5 Nxc5 43. a4 Nd3 44. a5 Nxf4 45. f3 Nd3 46. Ra8 Rg6+ 47. Kh2 Ne5 48. f4 Nd3 49. a6 Nf2 50. a7 Ra6 51. Kg2 Ng4 52. Kg3 Nf6 53. f5 Ra4 54. Kf3 Ng8 55. Ke2 Nh6 56. f6 g5 57. Re8 Kg6 58. a8=Q Rxa8 59. Rxa8 Kxf6 60. Ra6+ Kg7 61. Kf3 Kh7 62. Ke4 Kg7 63. Ke5 Nf7+ 64. Kf5 Nh6+ 65. Kxg5 Nf7+ 66. Kf5 Nh6+ 67. Ke6 Kg6 68. Ra5 Ng4 69. Rf5 Nh6 70. Rf1 Kg5 71. Ke5 Ng4+ 72. Kd4 Nf6 73. Rf3 Ng4 74. Ke4 Nf6+ 75. Ke5 Ng4+ 76. Ke6 Nh2 77. Rf2 Ng4 78. Rf5+ Kh4 79. Ra5 Kg3 80. Kf5 Ne3+ 81. Ke4 Ng2 82. Rf5 Nh4 83. Rf8 Ng2 84. Rf3+ Kg4 85. Rf8 Kg3 86. Rf7 Nh4 87. Rg7+ Kf2 88. Rg4 Ng2 89. Rxg2+ Kxg2 1/2-1/2

[Event "FIDE World Bl Team Pool D"]
[Site "Almaty KAZ"]
[Date "2024.08.05"]
[Round "3.1"]
[White "Sarana, A."]
[Black "Nihal, Sarin"]
[Result "1/2-1/2"]
[WhiteElo "2717"]
[BlackElo "2668"]
[PlyCount "84"]
[EventDate "2024.08.05"]
[WhiteTeam "Chessy"]
[BlackTeam "Ashdod Chess Club"]

1. d4 d5 2. c4 e6 3. Nc3 c6 4. e4 Bb4 5. cxd5 cxd5 6. exd5 exd5 7. Nf3 Nf6 8. Bd3 O-O 9. O-O h6 10. Bf4 ({RR} 10. Ne5 Nc6 11. Nxc6 bxc6 12. Bf4 Re8 13. h3 Bxc3 14. bxc3 Qa5 15. Qf3 Ne4 16. Rfe1 Ba6 17. Bxe4 dxe4 18. Rxe4 Rxe4 19. Qxe4 Qxc3 20. Rc1 Qa5 21. Be5 Qd2 22. Rc5 Rf8 23. Qxc6 Qxa2 24. Qe4 Qd2 {Yu Yangyi (2721)-Deac,B (2698) chess.com INT 2023 1-0}) ({RR} 10. h3 Nc6 11. Re1 Re8 12. Rxe8+ Qxe8 13. Nb5 Qe7 14. a3 Ba5 15. Bf4 a6 16. Nc3 Be6 17. Na4 Ne4 18. Rc1 Qf6 19. Be5 Qg6 20. Bg3 Qf6 21. Bh2 Rd8 22. b4 Nxd4 23. bxa5 Bxh3 24. Bf1 Nxf3+ {Nihal,S (2692)-Le Tuan Minh (2598) chess.com INT 2025 1-0}) 10... Nc6 11. h3 Ba5 $146 ({RR} 11... Be6 12. Rc1 Rc8 13. a3 Bxc3 14. Rxc3 Ne4 15. Rc1 Bf5 16. Bb1 Qb6 17. b4 a5 18. Ne5 Nxe5 19. Bxe5 axb4 20. Qf3 Bg6 21. Bxe4 Rxc1 22. Rxc1 Bxe4 23. Qg3 Qg6 24. Qxg6 Bxg6 25. axb4 f6 26. Bd6 {Solodovnichenko,Y (2541)-Sharapov,E (2431) Yuzhny 2008 ½-½ (33)}) ({RR} 11... Bd6 12. Qd2 Re8 13. Rfe1 Be6 14. Rac1 a6 15. Bb1 Rc8 16. Ne5 Bf8 17. a3 Na5 18. Ba2 b5 19. Qd3 Nc4 20. Bxc4 dxc4 21. Qe3 Nd5 22. Nxd5 Bxd5 23. Qg3 Re6 24. Ng4 Rg6 25. Qh2 h5 26. Ne3 {Sermukhamedova,A (2122)-Janaszak,D (2277) chess.com INT 2026 1-0 (57)}) 12. Qa4 Bb6 13. Rad1 Bd7 14. Qb3 Be6 15. Bb1 Rc8 16. Rfe1 Na5 17. Qc2 Re8 18. Ne5 Nc6 19. Nxc6 Rxc6 20. Qd2 Ba5 21. f3 Bxc3 22. bxc3 Nd7 23. Re2 Nf8 24. Rde1 Bd7 25. Rxe8 Bxe8 26. Bd3 Re6 27. Rb1 Bc6 28. c4 Ng6 29. Bxg6 Rxg6 30. c5 Qf6 31. Kh2 Qf5 32. Re1 Re6 33. g4 Qg6 34. Kg3 Rxe1 35. Qxe1 Qe6 36. Qb1 a6 37. h4 Qg6 38. Qe1 h5 39. Qe7 hxg4 40. fxg4 Qd3+ 41. Qe3 Qxe3+ 42. Bxe3 f6 1/2-1/2

[Event "60th Rubinstein Mem"]
[Site "Polanica Zdroj POL"]
[Date "2024.08.17"]
[Round "1.3"]
[White "Navara, D."]
[Black "Fedoseev, Vl3"]
[Result "1/2-1/2"]
[WhiteElo "2674"]
[BlackElo "2687"]
[PlyCount "100"]
[EventDate "2024.08.17"]

1. d4 d5 2. c4 e6 3. Nc3 dxc4 4. e4 c5 5. d5 exd5 6. Nxd5 Nf6 7. Bxc4 Nxd5 8. Bxd5 Be7 9. Ne2 O-O 10. O-O Na6 ({RR} 10... Nd7 11. Nc3 Nb6 12. Qf3 Bd6 13. Rd1 Nxd5 14. Nxd5 Qh4 15. Nf6+ Qxf6 16. Qxf6 gxf6 17. Rxd6 Be6 18. Be3 b6 19. a4 Rfd8 20. Rad1 Rxd6 21. Rxd6 Kf8 22. a5 Ke7 23. Rd1 Rc8 24. f3 Bb3 25. Ra1 {Erigaisi,A (2778)-Fedoseev,V (2692) chess.com INT 2024 0-1 (56)}) ({RR} 10... Nd7 11. Bf4 Nf6 12. Nc3 Qb6 13. e5 Nxd5 14. Nxd5 Qd8 15. e6 Bxe6 16. Nxe7+ Qxe7 17. Bd6 Qd7 18. Bxf8 Qxd1 19. Rfxd1 Kxf8 20. Rac1 b6 21. a3 Ke7 22. f3 Rc8 23. Kf2 b5 24. Ke3 a5 25. b4 {Semprun Martinez,F (2071)-Nemeth,Z (2194) Budapest HUN 2024 ½-½ (38)}) 11. Bf4 Qb6 12. Be5 Nb4 $146 ({RR} 12... Bf6 13. Bxf6 Qxf6 14. Nc3 Rb8 15. f4 Nb4 16. e5 Qg6 17. a3 Nc6 18. Ne4 Bg4 19. Qd2 Rbd8 20. Nd6 Nd4 21. Qf2 b6 22. Rae1 Qh5 23. Re3 Rxd6 24. Bxf7+ Qxf7 25. exd6 Qd5 26. Re7 Qxd6 27. Rxa7 {Stefansson,H (2548)-Thorhallsson,T (2437) Kopavogur 2014 0-1 (31)}) 13. Nf4 Bf6 14. Bxf6 Qxf6 15. Qd2 Nxd5 16. Nxd5 Qh4 17. Qf4 Qxf4 18. Nxf4 Be6 19. Rfd1 Rad8 20. h4 g6 21. f3 b6 22. Kf2 Kg7 23. g4 h6 24. g5 Bc4 25. b3 Ba6 26. Ke3 Rh8 27. Nd5 Bc8 28. Rd2 hxg5 29. hxg5 Rh3 30. Rad1 Bg4 31. Rf1 Kf8 32. Rff2 Rd7 33. Kf4 Be6 34. Nf6 Rxd2 35. Rxd2 Ke7 36. Ng8+ Ke8 37. Nf6+ Ke7 38. Ng8+ Ke8 39. Rf2 f5 40. Nf6+ Ke7 41. exf5 Bxf5 42. Ke5 Kf7 43. Ng4 Bxg4 44. fxg4+ Kg7 45. Rf4 Rd3 46. Ra4 a5 47. Rf4 Rd2 48. Rf6 Re2+ 49. Kd5 Rd2+ 50. Ke5 Re2+ 1/2-1/2

[Event "Abu Dhabi Online Final"]
[Site "chess.com INT"]
[Date "2024.08.21"]
[Round "1.2"]
[White "Andreikin, D."]
[Black "Bluebaum, M."]
[Result "1-0"]
[WhiteElo "2729"]
[BlackElo "2640"]
[PlyCount "79"]
[EventDate "2024.08.21"]
[EventType "k.o."]

1. d4 d5 2. c4 e6 3. Nc3 Bb4 4. cxd5 exd5 5. Nf3 Nf6 6. Qa4+ Nc6 7. Bg5 h6 8. Bxf6 Qxf6 9. e3 O-O 10. Rc1 Be6 ({RR} 10... Rd8 11. Be2 Bf8 12. O-O Ne7 13. b4 Ng6 14. b5 Bg4 15. Qb3 c6 16. Nd2 Bf5 17. Na4 Nh4 18. Rc3 Rd6 19. g3 cxb5 20. Qxb5 b6 21. Rfc1 Bd7 22. Qa6 Qf5 23. Nb2 Rf6 24. Nd3 Re8 25. Nf4 {Mamedyarov,S (2760)-Kramnik,V (2790) Baku 2010 1-0 (48)}) 11. Bb5 Rab8 $146 ({RR} 11... Bg4 12. Bxc6 Bxc3+ 13. Rxc3 Bxf3 14. Bxb7 Rab8 15. Qc6 Qxc6 16. Bxc6 Rxb2 17. O-O Be2 18. Rfc1 Bc4 19. a4 a6 20. e4 {½-½ (20) Shariyazdanov,A (2530)-Dizdar,G (2570) Porec 1998}) ({RR} 11... Bxc3+ 12. Rxc3 Bd7 13. O-O Qd6 14. Rfc1 Rfc8 15. Ne5 Nxe5 16. dxe5 Bxb5 17. Qxb5 Qxe5 18. Qxb7 Rab8 19. Qa6 d4 20. exd4 Qxd4 21. b3 Qe5 22. g3 g6 23. R3c2 Qd4 24. h4 h5 25. Rxc7 Rxc7 26. Rxc7 {Hommadov,A (2385)-Bakyt,I (2053) Aktobe KAZ 2026 1-0 (42)}) ({RR} 11... Bd7 12. O-O Bxc3 13. Rxc3 a6 14. Bxc6 Bxc6 15. Qa5 Rac8 16. Rfc1 Rfe8 17. Ne5 Rxe5 18. dxe5 Qxe5 19. b4 Qe4 20. f3 Qe6 21. a4 Kh7 22. Kh1 g6 23. h3 h5 24. b5 axb5 25. axb5 Be8 26. Rxc7 {Andreikin,D (2729)-Brodsky,D (2534) chess.com INT 2024 1-0 (51)}) 12. O-O Bd6 13. Bxc6 bxc6 14. Qxc6 Rfd8 15. Ne5 Bxe5 16. dxe5 Qxe5 17. b3 Rb4 18. Ne2 Rg4 19. Qxc7 Qg5 20. Nf4 Rf8 21. f3 Rh4 22. g3 d4 23. Rc5 Bf5 24. e4 Rc8 25. Qxc8+ Bxc8 26. Rxg5 hxg5 27. gxh4 gxf4 28. Rd1 Bg4 29. fxg4 f5 30. exf5 g5 31. hxg5 Kf7 32. Rxd4 f3 33. Kf2 a5 34. Kxf3 a4 35. bxa4 Ke7 36. a5 Kf8 37. a6 Kf7 38. a7 Kg8 39. a8=Q+ Kg7 40. Rd7# 1-0

[Event "CrunchLab Masters Div 3 L"]
[Site "chess.com INT"]
[Date "2024.07.21"]
[Round "4.1"]
[White "Sargsyan, Shant"]
[Black "Hakobyan, Aram"]
[Result "1-0"]
[WhiteElo "2649"]
[BlackElo "2617"]
[PlyCount "73"]
[EventDate "2024.07.19"]
[EventType "k.o."]

1. d4 d5 2. c4 e6 3. Nc3 a6 4. cxd5 exd5 5. Nf3 Nf6 6. Bg5 Be6 7. Qb3 Ra7 8. e4 dxe4 9. d5 Bf5 10. Nh4 Bg6 11. O-O-O Be7 12. Bxf6 Bxf6 13. Nxg6 hxg6 14. Nxe4 O-O 15. h4 Nd7 16. g4 $146 ({RR} 16. h5 g5 17. h6 g6 18. Qf3 Re8 19. Bc4 b5 20. Bb3 a5 21. Rde1 Be5 22. h7+ Kg7 23. d6 Nf6 24. Nxg5 cxd6 25. Kb1 Rh8 26. Qh3 Nh5 27. Qg4 Kf8 28. Bxf7 Qd7 29. Be6 Qg7 30. Qf3+ Ke7 {Amburgy,R (2239)-Matveeva,O (2181) chess.com INT 2024 1-0 (38)}) 16... Re8 17. Bd3 a5 18. g5 a4 19. Qc2 Be5 20. h5 gxh5 21. Rxh5 g6 22. Rh4 a3 23. b3 Ra5 24. Rdh1 Bg7 25. Kb1 Rxe4 26. Rxe4 Qxg5 27. Re8+ Nf8 28. Rxf8+ Kxf8 29. Qxc7 Ra8 30. Qxb7 Rd8 31. Qb4+ Qe7 32. Qxe7+ Kxe7 33. Bc4 Kd6 34. Rh7 Rg8 35. Kc2 Kc5 36. Kd3 g5 37. f3 1-0

[Event "chess.com SpeedChess 2024"]
[Site "chess.com INT"]
[Date "2024.07.25"]
[Round "1.10"]
[White "Erigaisi, Arjun"]
[Black "Duda, J."]
[Result "1-0"]
[WhiteElo "2778"]
[BlackElo "2733"]
[PlyCount "63"]
[EventDate "2024.07.25"]
[EventType "k.o."]

1. d4 d5 2. c4 e6 3. Nc3 a6 4. cxd5 exd5 5. Nf3 h6 6. Bf4 Nf6 7. e3 Bd6 8. Bxd6 Qxd6 9. Bd3 O-O 10. Qc2 ({RR} 10. O-O Be6 11. Qb3 Nbd7 12. Rac1 Rab8 13. h3 c6 14. Na4 Ne4 15. Qc2 Bf5 16. Nc5 Rfe8 17. b4 Qf6 18. Bxe4 Bxe4 19. Nxe4 Rxe4 20. a4 Ree8 21. b5 axb5 22. axb5 Rec8 23. Qb3 Qd6 24. Rfd1 Ra8 {Erigaisi,A (2778)-Carlsen,M (2832) chess.com INT 2024 1-0 (65)}) 10... Be6 11. O-O Nbd7 12. Rac1 ({RR} 12. b4 Qxb4 13. Rab1 Qa5 14. Rxb7 c5 15. Qd2 cxd4 16. Nxd4 Rfc8 17. Rc1 Nc5 18. Rbb1 Nxd3 19. Qxd3 Rc4 20. Nce2 Qxa2 21. Nxe6 fxe6 22. Nd4 Ne4 23. Rxc4 Qxf2+ 24. Kh1 Qa2 25. Rf1 Qxc4 26. Qd1 Rf8 {Plischki,S (2277)-Jurcik,M (2341) Czech Republic CZE 2026 0-1 (51)}) 12... Rac8 $146 ({RR} 12... c5 13. dxc5 Nxc5 14. Nb5 axb5 15. Qxc5 Qxc5 16. Rxc5 Rxa2 17. Rxb5 Ra7 18. Rc1 Rc8 19. Rxc8+ Bxc8 20. h3 Kf8 21. Nd4 g6 22. g4 Ke7 23. Kg2 Bd7 24. Rb6 Ne8 25. Bb5 Nd6 26. Bxd7 Kxd7 27. Rxd6+ {Choroszej,A (2010)-Zabolotny,V (1967) Lvov 2019 1-0 (37)}) 13. h3 c5 14. dxc5 Nxc5 15. Rfd1 Qe7 16. Nd4 Nxd3 17. Qxd3 Rc7 18. Nce2 Rfc8 19. Rxc7 Rxc7 20. f3 Bd7 21. Qd2 Rc8 22. Nf4 Re8 23. Kf2 Qd6 24. Rc1 g5 25. Nfe2 Qh2 26. Ng3 Bxh3 27. Rg1 Bxg2 28. Rxg2 Qh3 29. Ndf5 h5 30. Qd4 Re6 31. Kg1 h4 32. Rh2 1-0

[Event "Titled Tue 18th Jun Late"]
[Site "chess.com INT"]
[Date "2024.06.18"]
[Round "6"]
[White "Nihal, Sarin"]
[Black "Bacrot, E."]
[Result "1-0"]
[WhiteElo "2669"]
[BlackElo "2684"]
[PlyCount "51"]
[EventDate "2024.06.18"]

1. d4 d5 2. c4 e6 3. Nc3 Be7 4. Nf3 Nf6 5. g3 O-O 6. Bg2 c6 7. O-O a5 8. Nd2 c5 $146 ({RR} 8... b5 9. cxb5 cxb5 10. Nxb5 Qb6 11. Nc3 Qxd4 12. e4 Bb7 13. exd5 Nxd5 14. Qb3 Qb4 15. Nxd5 Bxd5 16. Bxd5 exd5 17. Qxd5 Na6 18. Nb3 a4 19. Bd2 Qb8 20. Bf4 Qb4 21. Bd2 Qb8 22. Bf4 Qb4 23. Bd2 {Luna Javier,E (2184)-Real Pereyra,J (2172) Mexico City MEX 2023 ½-½}) ({RR} 8... b5 9. b3 Ba6 10. Bb2 bxc4 11. bxc4 Nbd7 12. Qc2 Rb8 13. Rab1 Nb6 14. c5 Nc4 15. Nxc4 Bxc4 16. Rfd1 Qd7 17. Bc1 Rxb1 18. Qxb1 Qa7 19. Bf4 Nh5 20. Be5 f6 21. Bd6 Bxd6 22. cxd6 Rb8 23. Qc1 {Dubov,D (2710)-Fressinet,L (2638) chess24.com INT 2021 ½-½ (47)}) ({RR} 8... b6 9. e4 Bb7 10. cxd5 cxd5 11. e5 Nfd7 12. Qg4 Nc6 13. Nf3 Re8 14. h4 Ba6 15. Re1 Nb4 16. h5 Nc2 17. Bh6 g6 18. Ng5 Nf8 19. hxg6 hxg6 20. Qf4 f5 21. exf6 Bxf6 22. Nxd5 exd5 23. Rxe8 {Diachek,A (2282)-Golubovic,B (2322) chess.com INT 2026 1-0}) 9. dxc5 Bxc5 10. cxd5 exd5 11. Nb3 Bb6 12. Na4 Ba7 13. Bg5 Nc6 14. Bxf6 Qxf6 15. Qxd5 Be6 16. Qb5 Ne5 17. Nbc5 Rac8 18. Nxe6 fxe6 19. Nc3 Bxf2+ 20. Kh1 Ng4 21. Bf3 Rc5 22. Qd3 Ne5 23. Qe4 Nxf3 24. Rxf2 Rxc3 25. bxc3 Qxc3 26. Raf1 1-0